000 00787nam a2200301Ia 4500
005 20260121125341.0
008 008 260114s9999 xx 000 0 eng d
020 _a9781785337291
037 _aEBOOK
040 _aCRL
040 _beng
040 _cCRL
041 _2eng
041 _aeng
084 _qCRL
100 _aEvans, Jennifer
_9991465
245 4 _aThe Ethics of Seeing: Photography and Twentieth-Century German History
260 _bWalter de Gruyter
260 _bWalter de Gruyter
260 _c2018
650 _aHistory
_9991466
700 _a Betts, Paul
_9991467
700 _a Hoffmann, Stefan-Ludwig
_9991468
856 _uhttp://www.degruyter.com/isbn/9781785337291
942 _cEBOOK
999 _c1561352
_d1561352